As Saint Étienne- Tous les joueurs de 2010 à 2025 - Statistiques

Statistiques générales
  • Ce quiz a été pris 868 fois
    115 depuis la dernière actualisation
  • Le résultat moyen est 61 sur 210
Statistiques - réponses
Saison Nationalité Joueur Nombre
De Matchs
Poste % Correct
2011 - 2020 France StéphaneRuffier 383 G
94%
2003 - 2020 France LoicPerrin 471 D
90%
2010 - 2013 Gabon Pierre - EmerickAubameyang 97 A
84%
2024 - Belgique LucasStassin 29 A
82%
2022 - France GauthierLarsonneur 91 G
81%
2012 - 2022 France RomainHamouma 321 A
81%
2018 - 2022 Tunisie WahbiKhazri 114 M/A
74%
1996 - 2012 France JérémieJanot 386 G
69%
2015 - 2020 Slovénie RobertBeric 104 A
69%
2020 - 2024 Angleterre EtienneGreen 37 G
68%
2011 - 2017 France FabienLemoine 226 M
68%
2023 - Malte IrvinCardona 37 A
68%
2006 - 2016 Sénégal MoustaphaSall 233 D
68%
2024 - Géorgie ZurikoDavitashvili 34 A
66%
2018 - 2020 France WilliamSaliba 36 D
65%
2014 - 2021 France KévinMonnet - Paquet 208 A
63%
2018 - 2020 France WesleyFofana 30 D
63%
2007 - 2011 France BlaiseMatuidi 154 M
62%
2007 - 2011 France DimitriPayet 148 M/A
62%
2012 - 2016 France RenaudCohade 139 M
60%
2011 - 2017 France JérémyClément 192 M
59%
2019 - Maroc AimenMoueffek 122 D/M
57%
2012 - 2014 Brésil Brandao 67 A
57%
2019 - 2022 Gabon DenisBouanga 110 A
57%
2011 - 2015 CoteD'ivoire Max - AlainGradel 117 A
57%
2016 - 20172021 - France MickaelNade 105 D
57%
2017 - 2019 France RémyCabella 64 M
57%
2012 - 2016 France FrançoisClerc 104 D
56%
2010 - 20112012 - 2021 France JessyMoulin 65 G
56%
2017 - 2021 France MathieuDebuchy 97 D
54%
2017 - 2020 France YannM'Vila 91 M
53%
2013 -2015 Turquie MevlutErding 65 A
51%
2015 - 2019 Norvège OleSelnaes 92 M
51%
2022 - 2025 Maroc BenjaminBouchouari 96 M
50%
2022 - France DennisAppiah 84 D
50%
2015 - 2018 Norvège AlexanderSoderlund 52 A
49%
2022 - France LéoPétrot 99 D
49%
2017 - 2022 France MahdiCamara 105 M
49%
2022 - 2023 France AbdoulKader Bamba 14 A
47%
2024 - NouvelleZélande Ben Old 13 A
47%
2010 - 2014 Algérie FaouziGhoulam 97 D
47%
2023 - France FlorianTardieu 59 M
47%
2014 - 20162017 - 2018 Cote D'ivoire JonathanBamba 52 A
47%
2024 - France BriceMaubleu 1 G
46%
2021 - 2022 Mali FalayeSacko 11 D
46%
2019 - France YvannMaçon 81 D
46%
2020 - 2023 CoteD'ivoire Jean - PhilippeKrasso 60 A
44%
2023 - RépubliqueDémocratique Du Congo DylanBatubinsika 55 D
43%
2021 - 2022 France PaulBernardoni 22 G
43%
2019 - 2022 Algérie RyadBoudebouz 79 M
43%
2012 - 2015 France YohanMollo 78 A
43%
2020 - 2022 France AlphaSissoko 10 D
41%
2024 - Ghana AugustineBoakye 17 A
41%
2013 - 2018 Guinée FlorentinPogba 99 D
41%
2023 - 2025 Mali IbrahimSissoko 53 A
41%
2013 - 2014 CoteD'ivoire IbrahimSissoko 5 M/A
41%
2024 - Serbie IgorMiladinovic 4 M
41%
2015 - 2017 France NolanRoux 77 A
40%
2009 - 20122021 - 2022 Mali BakarySako 125 A
38%
2013 - 2016 France FranckTabanou 96 D/M
38%
2014 - 2018 France KévinThéophile - Catherine 142 D
38%
2018 - 2022 France TimothéeKolodziejczak 122 D
38%
2016 - 20172018 - 2022 France ArnaudNordin 148 A
37%
2013 - 2017 France BenjaminCorgnet 101 M
37%
2008 - 2014 France JoshuaGuilavogui 120 M
37%
2022 - 2025 France MathieuCafaro 87 A
37%
2015 - 2018 France VincentPajot 90 M
35%
2020 - 2022 France AdilAouchiche 77 M
34%
2011 - 2016 France JonathanBrison 90 D
34%
2011 - 2014 France KurtZouma 74 D
34%
2024 - France MaximeBernauer 11 D
34%
2019 - 2022 Pérou MiguelTrauco 72 D
34%
2017 - 2019 Serbie NevenSubotic 44 D
34%
2022 - 20232024 - 2025 France LouisMouton 41 M
32%
2015 - 2018 Maroc OussamaTannane 47 M/A
32%
2014 - 2015 Pays - Bas RickyVan Wolfswinkel 40 A
32%
2016 - 2018 BurkinaFaso BryanDabo 39 M
31%
2017 - 2023 Brésil GabrielSilva 82 D
31%
2016 - 2018 Suisse LéoLacroix 38 D
31%
2019 - 2020 France YohanCabaye 21 M
31%
2024 - France DjylianN'Guessan 8 A
29%
2022 - 2025 Sénégal IbrahimaWadji 51 A
29%
2015 - 2017 France KévinMalcuit 46 D
29%
2022 - 2025 Sénégal BoubacarFall 1 G
28%
2023 - 2025 Sénégal CheikhFall 4 M
28%
2016 - 2019 Sénégal CheikhM'Bengue 27 D
28%
2021 - 2022 France EliaquimMangala 15 D
28%
2024 - France KevinPedro 2 D
28%
2017 - 2020 France LoisDiony 65 A
28%
2015 - 2018 France RonaelPierre - Gabriel 39 D
28%
2023 - 2027 Cote D'ivoire StéphaneDiarra 12 A
28%
2015 - 2016 France ValentinEysseric 39 M
28%
2016 - 2017 France JordanVeretout 43 M
26%
2012 - 20172018 - 2019 Martinique Pierre - YvesPolomat 65 D
26%
2020 - 2022 Cameroun YvanNeyou 50 M
26%
2022 - 2025 France AnthonyBriançon 58 D
25%
2021 - 2022 France EnzoCrivelli 6 A
25%
2019 - 2022 Cameroun HaroldMoukoudi 69 D
25%
2023 - 2024 Guinée KarimCissé 9 M
25%
2023 - 2024 RépubliqueDémocratique Du Congo NathanaelMbuku 21 A
25%
2022 - 2023 France NielsNkounkou 20 D
25%
2020 - 2021 Sénégal Pape AbouCissé 15 D
25%
2022 - 2025 France ThomasMonconduit 50 M
25%
2018 - 2019 Argentine ValentinVada 12 M
25%
2013 - 2015 France AllanSaint - Maximin 17 A
24%
2011 - 2013 Roumanie BanelNicolita 28 A
24%
2013 - 2014 France BenoitTrémoulinas 12 D
24%
2017 - 20192022 - 2024 France DylanChambost 69 M
24%
2008 - 2011 Martinique EmmanuelRivière 85 A
24%
2021 - 2022 Uruguay IgnacioRamírez 6 A
24%
2016 - 2019 Cap - Vert KennyRocha Santos 6 M
24%
2019 - 20202022 - 2023 Espagne SergiPalencia 18 D
24%
2019 - 2022 France StefanBajic 12 G
24%
2024 - 2025 Maroc YunisAbdelhamid 17 D
24%
2018 - 2021 France CharlesAbi 51 A
22%
2022 - 2023 France JimmyGiraudon 17 D
22%
2020 - 2022 France LucasGourna - Douath 65 M
22%
2022 - 2024 France MatthieuDreyer 11 G
22%
2010 - 2013 Argentine AlejandroAlonso 31 M/A
21%
2017 - 20202021 - 2022 Sénégal AssaneDioussé 55 M
21%
2010 - 2011 États - Unis CarlosBocanegra 37 D
21%
2006 - 2011 France ChristopheLandrin 135 M
21%
2009 - 2011 Argentine GonzaloBergessio 57 A
21%
2017 - 2018 Brésil Hernani 17 M
21%
2023 - 2025 France MathisAmougou 19 M
21%
2020 - 2023 Guinée SaidouSow 56 D
21%
2017 - 2018 Gambie SaidyJanko 22 D
21%
2022 - 2024 France GaetanCharbonnier 27 A
19%
2018 - 2019 Sénégal MakhtarGueye 5 A
19%
2020 - 2021 Grèce PanagiotisRetsos 4 D
19%
2017 - 2018 Cameroun Paul - GeorgesNtep 13 A
19%
2024 - France PierreEkwah 30 M
19%
2022 - 2024 France VictorLobry 53 M
19%
2019 - 2022 Comores ZaydouYoussouf 89 M
19%
2016 - 2017 Sénégal HenriSaivet 35 M
18%
2011 - 2016 CoteD'ivoire IsmaelDiomande 62 M
18%
2023 - 2024 Maroc MahmoudBentayg 23 D
18%
2012 - 2013 France MathieuBodmer 16 D/M
18%
2024 - 2025 France PierreCornud 11 D
18%
2018 - 2019 Maroc YoussefAit Bennasser 13 M
18%
2016 - 2017 France AnthonyMaisonnial 3 G
16%
2015 - 2016 Cameroun BenoitAssou - Ekotto 28 D
16%
2010 - 20122013 - 2014 Algérie IdrissSaadi 25 A
16%
2019 - 20222023 - 2024 France MaxenceRivera 40 A
16%
2021 - 2022 Sénégal SadaThioub 18 A
16%
2010 - 2012 France AlbinEbondo 60 D
15%
2009 - 2012 Cote D'ivoire BoubacarSanogo 33 A
15%
2019 - 2020 France FranckHonorat 19 A
15%
2019 - 2020 CoteD'ivoire Jean - EudesAholou 17 M
15%
2016 - 2017 Guinée - Bissau Jorginho 7 A
15%
2014 - 2015 Cameroun LandryN'Guémo 17 M
15%
2010 - 2012 France LaurentBatlles 75 M
15%
2022 - 2023 France LennyPintor 22 A
15%
2007 - 2011 Tunisie YohanBenalouane 80 D
15%
2021 - 2023 CoteD'ivoire AbdoulayeBakayoko 13 D
13%
2020 - 2023 France AbdoulayeCoulibaly 1 A
13%
2022 - 2025 France AymanAiki 13 A
13%
2019 - 2022 France BilalBenkhedim 10 M
13%
2011 - 2012 France FlorentSinama - Pongolle 25 A
13%
2015 - 2016 France Jean - ChristopheBahebeck 23 A
13%
2011 - 2014 France Jean - PascalMignot 41 D
13%
2015 - 2016 France NealMaupay 23 A
13%
2018 - 2019 France YannisSalibur 23 A
13%
2017 - 2018 Cap - Vert Vagner 5 A
12%
2012 - 2013 Danemark AndreasLaudrup 1 A
10%
2020 - 2021 France AnthonyModeste 8 A
10%
2023 - Tunisie JibrilOthman 5 A
10%
2011 - 2013 Gabon KevinMayi 13 A
10%
2013 - 2015 France PaulBaysse 14 D
10%
2011 - 2012 France SteedMalbranque 1 M
10%
2023 - 2025 France BeresOwusu 3 D
9%
2015 - 2017 Congo DylanSaint - Louis 5 A
9%
2009 - 2011 Sénégal GuiraneN'Daw 48 M
9%
2022 - 2025 France LamineFomba 55 M
9%
2016 - 20192021 - 2022 France LamineGhezali 8 A
9%
2011 - 2012 France LynelKitambala 17 A
9%
2020 - 2023 France YanisLhéry 6 A
9%
2008 - 2012 France YoannAndreu 28 D
9%
2010 - 2012 France YoricRavet 4 A
9%
2014 - 2018 CoteD'ivoire BenKaramoko 7 D
7%
2015 - 2016 Bosnie CazimSuljic 1 M
7%
2011 - 2013 Serbie DanijelAleksic 3 M
7%
2015 - 2016 Cap - Vert ErinPinheiro 4 M
7%
2016 - 2018 CoteD'ivoire HabibMaiga 19 M
7%
2010 - 2012 France LorisNéry 28 D
7%
2011 - 2012 Brésil Paulao 11 D
7%
2011 - 2012 France PierrickCros 1 D
7%
2010 - 2012 France SylvainMarchal 54 D
7%
2020 - 2023 France BaptisteGabard 2 G
6%
2019 - 2023 Guinée -Bissau EdmilsonCorreia 7 A
6%
2020 - 2021 France MarvinTshibuabua 1 D
6%
2020 - 2023 France MathysSaban 8 A
6%
2010 - 2013 Sénégal SidySagna 3 M
6%
2022 - 2025 France AntoineGauthier 3 M
4%
2021 - 2025 Sénégal El HadjiDieye 7 A
4%
2016 - 2017 France HamidouKeyta 6 A
4%
2013 - 2014 France JérroldNyemeck 1 D
4%
2021 - 2023 France LucasCalodat 1 D
4%
2018 - 2019 France MickaelPanos 1 M
4%
2015 - 2016 France NathanDekoke 2 D
4%
2008 - 2012 France SylvainMonsoreau 64 D
4%
2020 - 2021 France TyroneTormin 3 A
4%
2011 - 2012 Algérie JessimMahaya 1 A
3%
2012 - 2013 France KamelChergui 1 A
3%
2024 - 2025 France MarwannNzuzi 2 D
3%
2017 - 20182020 - 2021 France RayanSouici 2 M
3%
2021 - 2024 Cameroun BryanNokoue 4 D
1%
2015 - 2016 France HugoRoussey 1 A
1%
2024 - Algérie JebrylSahraoui 1 M
1%
2023 - 2024 France DarlingBaldi 4 D
0%
Aucun quiz correspondant
Distribution des résultats
% des personnes avec chaque résultat
Percentile par nombre de réponses
Votre historique - résultats
Vous n’avez pas pris ce quiz depuis la dernière actualisation